| 000 | 00646nam a2200205 u 4500 | ||
|---|---|---|---|
| 005 | 20250527063814.0 | ||
| 008 | 130618s2007 es r 000 0 spa d | ||
| 020 | _a9788493521349 | ||
| 035 | _aUPN01000191618 | ||
| 049 | _aCG | ||
| 050 | 4 |
_aDT60 _bS7.3 |
|
| 100 | 1 |
_aStanglmeier, G. F. L., _d1956- _934581 |
|
| 245 | 1 | 3 |
_aEl enigma de los tesoros de Egipto / _cG. F. L. Stanglmeier ; tr. José Antonio Bravo. |
| 260 |
_aBarcelona, Esp. : _bStarbooks, _cc2007. |
||
| 300 |
_a222 p. : _bil. |
||
| 534 |
_pTítulo orignal: _tVersteckt, verschollen, vergraben |
||
| 554 | _aDonación | ||
| 651 | 4 |
_aEgipto _xAntigüedades _911717 |
|
| 905 | _aLibro | ||
| 999 |
_c163721 _d163721 |
||